La luna /
Guardado en:
| Formato: | |
|---|---|
| Materias: | |
| Etiquetas: |
Agregar Etiqueta
Sin Etiquetas, Sea el primero en etiquetar este registro!
|
| LEADER | 00811ngm a22002655g 4500 | ||
|---|---|---|---|
| 001 | CEM.cems021370 | ||
| 008 | 130507b1992##################0###0#####d | ||
| 005 | 20240819180929.0 | ||
| 245 | 0 | 0 | |a La luna / |
| 300 | |a 21 | ||
| 500 | |a En soporte VHS, consultar en ventanilla. | ||
| 505 | 0 | |a Descripción de la luna. Formación de sus capas. Relieve: rocas, mar, etc. | |
| 538 | |a Soporte: VHS - Norma: Pal N - Color - Grabación Drd 1992 - Hitachi:1120 | ||
| 082 | 6 | 2 | |/ WHI |
| 653 | |a ASTRONOMIA | ||
| 653 | |a SATELITES | ||
| 653 | |a GEOLOGIA LUNAR | ||
| 653 | |a LUNA | ||
| 653 | |a GEOLOGIA | ||
| 653 | |a RELIEVE LUNAR | ||
| 653 | |a CAPAS LUNARES | ||
| 653 | |a ROCAS LUNARES | ||
| 653 | |a NIVEL PRIMARIO | ||
| 653 | |a NIVEL SECUNDARIO | ||
| 859 | |a CEMS |b BIB. CEMS - Depto. Recursos Didacticos |h 629 |i WHI |k DRD |p 13.12 |t Ej.1 | ||
